000 00806nam a2200265Ia 4500
003 OSt
005 20250813125126.0
008 191130s2009##################000#0#eng##
020 _a9780755344192
022 _a2010514040
040 _aACL
_cACL
082 _a823.914 JEC
100 _aJecks, Michael
245 _aNo law in the land
_cMichael Jecks
260 _aLondon
_bHeadline
_c2009
300 _axvii, 460 p. : map ; 20 cm
650 _aFurnshill, Baldwin, Sir (Fictitious character) - Fiction
650 _aGreat Britain - History - Edward II, 1307-1327 - Fiction
650 _aPuttock, Simon (Fictitious character) - Fiction
650 _aWest Country (England) - Fiction
856 _3pbk
942 _2ddc
_cENGLISH
990 _a18789f8aac10000c47e92bc1dd8dfd62
999 _c22663
_d22663